Anteproyecto arquitectónico del hospital oriental Managua en el distrito VI de la ciudad de Managua, Nicaragua

La investigación presenta un anteproyecto arquitectónico del Hospital Oriental Managua, tiene como objetivo incrementar la cobertura de atención médica y mejorar los servicios de salud en Managua, especialmente en el sector oriental de la ciudad ya que actualmente solo cuenta con el hospital dep...

Full description

Bibliographic Details
Main Authors: López Castrillo, Maykell Concepción, Herrera Sánchez, Danielka María, Sánchez Arguello, Mario Moisés
Other Authors: Tutor: Castillo Vanegas, Ingrid María
Format: Tesis Section = Libro
Language:Undetermined
Spanish
Published: Managua UNI 2015
Subjects:
LEADER 01347nam a2200289Ia 4500
008 240830s9999 xx 000 0 und d
040 |a BIBLIOTECA-RUSB/ Mon 725.51 L864 
041 |a spa 
082 |a Mon 725.51 L864 
100 1 |a López Castrillo, Maykell Concepción 
100 1 |b Herrera Sánchez, Danielka María 
100 1 |c Sánchez Arguello, Mario Moisés 
245 1 0 |a Anteproyecto arquitectónico del hospital oriental Managua en el distrito VI de la ciudad de Managua, Nicaragua 
260 |a Managua  |b UNI  |c 2015 
300 |a 205 p. :il. 
500 |a Contiene: anexos e Incluye: CD. 
502 |a Tesis (Arquitecto) - UNI, 2015. 
520 3 |a La investigación presenta un anteproyecto arquitectónico del Hospital Oriental Managua, tiene como objetivo incrementar la cobertura de atención médica y mejorar los servicios de salud en Managua, especialmente en el sector oriental de la ciudad ya que actualmente solo cuenta con el hospital departamental Alemán Nicaragüense. 
650 7 |a DISEÑO ARQUITECTONICO 
650 7 |b  ARQUITECTURA-DISEÑOS Y PLANOS 
650 7 |c  DETALLES ARQUITECTONICOS 
650 7 |d  DISEÑO DE ESTRUCTURAS 
650 7 |e  HOSPITAL ORIENTAL MANAGUA-DISEÑO Y CONSTRUCCION 
700 1 |a Tutor:  |b Castillo Vanegas, Ingrid María 
942 |c BK  |2 ddc 
991 |a TESIS 
999 |c 21256